[Event "34th European Club Cup 2018"]
[Site "Halkidiki"]
[Date "2018.10.13"]
[Round "2"]
[White "Admiraal, Miguoel"]
[Black "Borge, Nikolaj"]
[Result "1-0"]
[WhiteElo "2491"]
[BlackElo "2385"]
[Annotator "ChessBase"]
[PlyCount "59"]
[EventDate "2018.10.12"]
[EventType "team-tourn"]
[EventCountry "GRE"]
[SourceTitle "playchess.com"]
[Source "ChessBase"]
[SourceQuality "1"]
[WhiteTeam "Deloitte"]
[BlackTeam "Hillerod"]

1. e4 c5 2. Nf3 e6 3. g3 Nc6 4. Bg2 Nf6 5. Qe2 d5 6. exd5 Nxd5 7. O-O Be7 8. Rd1 O-O 9. d4 cxd4 10. Nxd4 Nxd4 11. Rxd4 Bf6 12. Rd1 Qb6 13. c4 Nb4 14. Be3 Qc7 15. Nc3 Bxc3 16. bxc3 Nc6 17. Bc5 Rd8 18. Bxc6 Rxd1+ 19. Rxd1 g6 20. Qf3 f5 21. Be4 Qxc5 22. Bxb7 Bxb7 23. Qxb7 Rf8 24. Qb5 Qc8 25. c5 f4 26. c6 f3 27. Rd7 Rf5 28. Qb7 Qf8 29. c7 Re5 30. h4 1-0

[Event "34th European Club Cup 2018"]
[Site "Halkidiki"]
[Date "2018.10.13"]
[Round "2"]
[White "Ivic, Velimir"]
[Black "Fedoseev, Vladimir"]
[Result "0-1"]
[WhiteElo "2487"]
[BlackElo "2713"]
[Annotator "TA"]
[PlyCount "78"]
[EventDate "2018.10.12"]
[EventType "team-tourn"]
[EventCountry "GRE"]
[SourceTitle "playchess.com"]
[Source "ChessBase"]
[SourceQuality "1"]
[WhiteTeam "Itaka"]
[BlackTeam "St.Petersburg"]

1. e4 Nf6 2. e5 Nd5 3. d4 d6 4. c4 Nb6 5. f4 Bf5 6. Nc3 e6 7. Be3 dxe5 8. fxe5 Nc6 9. Nf3 Bb4 10. Be2 Na5 11. c5 Nbc4 12. Bc1 O-O 13. O-O Bxc3 14. bxc3 b6 15. Qa4 Qd5 16. Nd2 Ne3 17. Bf3 Qd8 18. Rf2 Qe8 19. c6 Nc2 20. Rb1 Ne3 21. Ne4 Bxe4 22. Bxe4 f5 23. exf6 Ng4 24. Rf1 Nxf6 25. Bf3 Nd5 26. Bd2 Nxc6 27. Qc2 Qd7 28. Rbe1 Rae8 29. Re4 Nf6 30. Re2 e5 31. d5 e4 32. dxc6 Qxc6 33. Qb3+ Kh8 34. Bxe4 Nxe4 35. Rxf8+ Rxf8 36. Qb4 Qf6 37. h3 Ng3 38. Re1 Qf2+ 39. Kh2 Nf1+ 0-1

[Event "34th European Club Cup 2018"]
[Site "Halkidiki"]
[Date "2018.10.13"]
[Round "2"]
[White "Petursson, Margeir"]
[Black "Mutschnik, Illya"]
[Result "1-0"]
[WhiteElo "2486"]
[BlackElo "2411"]
[Annotator "ChessBase"]
[PlyCount "77"]
[EventDate "2018.10.12"]
[EventType "team-tourn"]
[EventCountry "GRE"]
[SourceTitle "playchess.com"]
[Source "ChessBase"]
[SourceQuality "1"]
[WhiteTeam "Reykjavik"]
[BlackTeam "Zurich"]

1. d4 Nf6 2. c4 g6 3. Nc3 Bg7 4. e4 d6 5. Be2 O-O 6. Bg5 c5 7. d5 h6 8. Bf4 e6 9. dxe6 Bxe6 10. Qd2 Qa5 11. Bxh6 Bxh6 12. Qxh6 Nxe4 13. Rc1 Nxc3 14. Rxc3 Qxa2 15. Qc1 Qa5 16. h4 Kg7 17. h5 Rh8 18. Nf3 Nd7 19. Ng5 Rae8 20. Kf1 Rh6 21. g4 Ne5 22. Rg3 Bd7 23. Rhh3 Reh8 24. Kg2 f6 25. Ne4 Bc6 26. Qe3 Nf7 27. Bf3 Re8 28. hxg6 Rxh3 29. gxf7 Rxg3+ 30. Kxg3 Re6 31. Qh6+ Kxf7 32. g5 Bxe4 33. Bxe4 Qe1 34. g6+ Ke7 35. Qh7+ Kd8 36. g7 Re8 37. g8=Q Rxg8+ 38. Qxg8+ Ke7 39. Qg7+ 1-0

[Event "34th European Club Cup 2018"]
[Site "Halkidiki"]
[Date "2018.10.13"]
[Round "2"]
[White "Swinkels, Robin"]
[Black "Bokros, Albert"]
[Result "1/2-1/2"]
[WhiteElo "2486"]
[BlackElo "2465"]
[Annotator "TA"]
[PlyCount "62"]
[EventDate "2018.10.12"]
[EventType "team-tourn"]
[EventCountry "GRE"]
[SourceTitle "playchess.com"]
[Source "ChessBase"]
[SourceQuality "1"]
[WhiteTeam "Aachen"]
[BlackTeam "Dunajska Streda"]

1. d4 Nf6 2. c4 e6 3. g3 d5 4. Nf3 Be7 5. Bg2 O-O 6. O-O dxc4 7. Qc2 a6 8. Qxc4 b5 9. Qc2 Bb7 10. Bd2 Be4 11. Qc1 Bb7 12. Qc2 Be4 13. Qc1 Bb7 14. Bf4 Bd6 15. Nbd2 Nbd7 16. Rd1 Nd5 17. Bxd6 cxd6 18. a4 N5f6 19. Qc2 Rc8 20. Qd3 Qb6 21. axb5 axb5 22. Ng5 Bxg2 23. Kxg2 Qc6+ 24. Ngf3 Qc2 25. Qxb5 Rb8 26. Qc4 Qxc4 27. Nxc4 d5 28. Ncd2 Rxb2 29. Rdb1 Rxb1 30. Rxb1 Rb8 31. Rxb8+ Nxb8 1/2-1/2

[Event "34th European Club Cup 2018"]
[Site "Halkidiki"]
[Date "2018.10.13"]
[Round "2"]
[White "Miljkovic, Miroslav D"]
[Black "Sokolov, Ivan"]
[Result "0-1"]
[WhiteElo "2484"]
[BlackElo "2573"]
[Annotator "TA"]
[PlyCount "108"]
[EventDate "2018.10.12"]
[EventType "team-tourn"]
[EventCountry "GRE"]
[SourceTitle "playchess.com"]
[Source "ChessBase"]
[SourceQuality "1"]
[WhiteTeam "Sloven Ruma"]
[BlackTeam "KGSRL"]

1. d4 Nf6 2. c4 e6 3. Nc3 Bb4 4. Qc2 d6 5. Nf3 O-O 6. Bd2 c5 7. dxc5 dxc5 8. g3 Nc6 9. Bg2 e5 10. O-O e4 11. Nxe4 Nxe4 12. Qxe4 Bxd2 13. Rfd1 Re8 14. Qc2 Rxe2 15. Rxd2 Rxd2 16. Qxd2 Qf6 17. Re1 Be6 18. b3 Rd8 19. Qg5 Nb4 20. h3 b6 21. g4 a5 22. Qxf6 gxf6 23. a4 Nc2 24. Rc1 Nd4 25. Nxd4 Rxd4 26. Rc3 f5 27. gxf5 Bxf5 28. Bf1 h5 29. Be2 h4 30. Kf1 Kg7 31. Ke1 Bd7 32. Re3 Kf8 33. Bd3 f5 34. Bc2 Kf7 35. Rc3 f4 36. Bd1 Kf6 37. Be2 Bf5 38. Bf1 Rd7 39. f3 Rg7 40. Kf2 Rg3 41. Rc1 Bxh3 42. Bxh3 Rxh3 43. Rd1 Rh2+ 44. Kg1 Re2 45. Rd6+ Re6 46. Rd5 Re3 47. Rd6+ Kf5 48. Rxb6 Rxf3 49. Rc6 Rg3+ 50. Kh2 f3 51. Rc8 Ke4 52. Re8+ Kd3 53. Rf8 Kc3 54. Rf5 Kb4 0-1

[Event "34th European Club Cup 2018"]
[Site "Halkidiki"]
[Date "2018.10.13"]
[Round "2"]
[White "Abel, Dennes"]
[Black "Granda Zuniga, Julio E"]
[Result "0-1"]
[WhiteElo "2476"]
[BlackElo "2641"]
[Annotator "TA"]
[PlyCount "70"]
[EventDate "2018.10.12"]
[EventType "team-tourn"]
[EventCountry "GRE"]
[SourceTitle "playchess.com"]
[Source "ChessBase"]
[SourceQuality "1"]
[WhiteTeam "Berlin"]
[BlackTeam "Padova"]

1. d4 Nf6 2. c4 e6 3. Nf3 b6 4. g3 Bb7 5. Bg2 Be7 6. O-O O-O 7. d5 exd5 8. Nh4 c6 9. cxd5 Nxd5 10. Nf5 Nc7 11. e4 Nba6 12. Nc3 Nc5 13. Bf4 Ne8 14. Qg4 Ne6 15. Rfd1 Kh8 16. Rd2 Nxf4 17. gxf4 d6 18. e5 d5 19. Nd4 f5 20. Qh3 Nc7 21. Re1 Bc5 22. Nb3 Ne6 23. Nxc5 bxc5 24. Qg3 Qb6 25. a3 Rad8 26. Qh4 c4 27. Re3 d4 28. Rh3 h6 29. Ne2 c5 30. Rg3 c3 31. bxc3 d3 32. Nc1 Bxg2 33. Kxg2 c4 34. Kh3 Rf7 35. Rd1 Qxf2 0-1

[Event "34th European Club Cup 2018"]
[Site "Halkidiki"]
[Date "2018.10.13"]
[Round "2"]
[White "Nemeth, Miklos"]
[Black "Handke, Florian"]
[Result "1/2-1/2"]
[WhiteElo "2474"]
[BlackElo "2536"]
[Annotator "ChessBase"]
[PlyCount "88"]
[EventDate "2018.10.12"]
[EventType "team-tourn"]
[EventCountry "GRE"]
[SourceTitle "playchess.com"]
[Source "ChessBase"]
[SourceQuality "1"]
[WhiteTeam "Dunajska Streda"]
[BlackTeam "Aachen"]

1. e4 d6 2. d4 Nf6 3. Nc3 g6 4. g3 Bg7 5. Bg2 O-O 6. Nge2 c6 7. O-O e5 8. h3 Nbd7 9. Be3 b5 10. a3 Bb7 11. g4 h5 12. g5 Nh7 13. f4 Nb6 14. Bc1 Nc4 15. b3 exd4 16. bxc4 dxc3 17. Be3 bxc4 18. Rb1 Qe7 19. Bd4 c5 20. Bxg7 Kxg7 21. Nxc3 Rab8 22. Qe2 Qe6 23. Rbd1 Rfe8 24. Qd2 Rbd8 25. Nd5 Bxd5 26. Qc3+ Kg8 27. Rxd5 Nf8 28. Rfd1 Qe7 29. Qxc4 Ne6 30. Qf1 Rf8 31. Qf2 f6 32. gxf6 Rxf6 33. f5 Nd4 34. c3 Nc6 35. Qd2 Kg7 36. Kh1 c4 37. fxg6 Rxg6 38. e5 Nxe5 39. Qd4 Qg5 40. Be4 Qg3 41. Bxg6 Qxh3+ 42. Kg1 Qg3+ 43. Kh1 Qh3+ 44. Kg1 Qg3+ 1/2-1/2

[Event "34th European Club Cup 2018"]
[Site "Halkidiki"]
[Date "2018.10.13"]
[Round "2"]
[White "Lazic, Miroljub"]
[Black "Rozentalis, Eduardas"]
[Result "0-1"]
[WhiteElo "2466"]
[BlackElo "2522"]
[Annotator "TA"]
[PlyCount "62"]
[EventDate "2018.10.12"]
[EventType "team-tourn"]
[EventCountry "GRE"]
[SourceTitle "playchess.com"]
[Source "ChessBase"]
[SourceQuality "1"]
[WhiteTeam "Sloven Ruma"]
[BlackTeam "KGSRL"]

1. g3 d5 2. Nf3 c6 3. Bg2 g6 4. O-O Bg7 5. d3 Bg4 6. Nbd2 Nd7 7. e4 dxe4 8. dxe4 Ngf6 9. h3 Bxf3 10. Qxf3 O-O 11. Qe2 Qc7 12. Re1 e5 13. Nb3 Rfe8 14. Be3 Nf8 15. a4 Ne6 16. Red1 h5 17. h4 Ng4 18. Bh3 Nxe3 19. Qxe3 Nd4 20. Qd3 Rad8 21. Nxd4 Rxd4 22. Qb3 Red8 23. c3 Rd2 24. Bf1 Bf8 25. Rxd2 Rxd2 26. Rd1 Qd8 27. Be2 Bc5 28. Rxd2 Qxd2 29. Kf1 b6 30. a5 b5 31. a6 Kg7 0-1

[Event "34th European Club Cup 2018"]
[Site "Halkidiki"]
[Date "2018.10.13"]
[Round "2"]
[White "Pijpers, Arthur"]
[Black "Naiditsch, Arkadij"]
[Result "1/2-1/2"]
[WhiteElo "2465"]
[BlackElo "2721"]
[Annotator "TA"]
[PlyCount "120"]
[EventDate "2018.10.12"]
[EventType "team-tourn"]
[EventCountry "GRE"]
[SourceTitle "playchess.com"]
[Source "ChessBase"]
[SourceQuality "1"]
[WhiteTeam "Leiden"]
[BlackTeam "Odlar Yurdu"]

1. e4 g6 2. d4 Bg7 3. Nc3 d6 4. Be3 a6 5. f4 b5 6. Nf3 Bb7 7. Bd3 Nd7 8. e5 e6 9. a4 b4 10. Ne4 Ne7 11. O-O Nb6 12. c3 O-O 13. a5 Bxe4 14. Bxe4 Nc4 15. Bc1 d5 16. Bd3 bxc3 17. bxc3 c5 18. Bxc4 dxc4 19. dxc5 Qc7 20. Be3 Nd5 21. Bd4 Nxf4 22. Ra4 Rab8 23. Rxc4 Qxa5 24. Qa4 Qb5 25. g3 Nd3 26. c6 Rfc8 27. Ra1 Bxe5 28. Nxe5 Nxe5 29. Qxb5 axb5 30. Bxe5 bxc4 31. Bxb8 Rxb8 32. Ra4 Kf8 33. Rxc4 Rc8 34. g4 g5 35. h4 h6 36. hxg5 hxg5 37. Kf2 Ke7 38. Ke3 Kd6 39. Kd4 f6 40. Ra4 Rxc6 41. c4 f5 42. gxf5 exf5 43. Ra8 g4 44. Rg8 Ke7 45. Ke5 Kf7 46. Rb8 g3 47. Rb7+ Kg6 48. Rb3 Rc5+ 49. Kf4 Rxc4+ 50. Kxg3 Kg5 51. Ra3 Rg4+ 52. Kf3 Rh4 53. Kg2 Rh8 54. Kg3 f4+ 55. Kg2 Kg4 56. Rb3 Ra8 57. Kf2 Ra2+ 58. Kf1 Rc2 59. Ra3 f3 60. Ra8 Rc1+ 1/2-1/2

[Event "34th European Club Cup 2018"]
[Site "Halkidiki"]
[Date "2018.10.13"]
[Round "2"]
[White "Novik, Maxim"]
[Black "Taylor, Adam C"]
[Result "1-0"]
[WhiteElo "2461"]
[BlackElo "2321"]
[Annotator "TA"]
[PlyCount "35"]
[EventDate "2018.10.12"]
[EventType "team-tourn"]
[EventCountry "GRE"]
[SourceTitle "playchess.com"]
[Source "ChessBase"]
[SourceQuality "1"]
[WhiteTeam "Overtime"]
[BlackTeam "Wood Green"]

1. c4 Nf6 2. Nc3 e5 3. g3 Nc6 4. Bg2 Bc5 5. e3 O-O 6. Nge2 Re8 7. O-O e4 8. b3 d5 9. cxd5 Nb4 10. Ba3 Bg4 11. h3 Bf5 12. Nf4 Qe7 13. g4 Bg6 14. g5 Nd7 15. Nxg6 hxg6 16. Nxe4 Nd3 17. Nxc5 N7xc5 18. Qc2 1-0

[Event "34th European Club Cup 2018"]
[Site "Halkidiki"]
[Date "2018.10.13"]
[Round "2"]
[White "Beerdsen, Thomas"]
[Black "Roberson, Peter T"]
[Result "1/2-1/2"]
[WhiteElo "2460"]
[BlackElo "2396"]
[Annotator "TA"]
[PlyCount "60"]
[EventDate "2018.10.12"]
[EventType "team-tourn"]
[EventCountry "GRE"]
[SourceTitle "playchess.com"]
[Source "ChessBase"]
[SourceQuality "1"]
[WhiteTeam "Apeldoorn"]
[BlackTeam "Grantham"]

1. e4 e6 2. d4 d5 3. Nd2 c5 4. exd5 Qxd5 5. dxc5 Nf6 6. Ngf3 Qxc5 7. Bd3 Nbd7 8. O-O Qc7 9. a4 Nc5 10. Bb5+ Bd7 11. Nc4 a6 12. Bxd7+ Ncxd7 13. b3 Be7 14. Nd4 O-O 15. Qf3 Nd5 16. Bb2 Bf6 17. Rfe1 Rad8 18. Rad1 Rfe8 19. g3 N7b6 20. Nxb6 Qxb6 21. Ba1 Nb4 22. Qe4 h6 23. Nf3 Rxd1 24. Rxd1 Bxa1 25. Rxa1 Rd8 26. Re1 Nc6 27. Kg2 Rd5 28. Re3 Qd8 29. h4 a5 30. Re2 Qd7 1/2-1/2

[Event "34th European Club Cup 2018"]
[Site "Halkidiki"]
[Date "2018.10.13"]
[Round "2"]
[White "Riemersma, Li"]
[Black "Agrest, Evgenij"]
[Result "1/2-1/2"]
[WhiteElo "2460"]
[BlackElo "2580"]
[Annotator "TA"]
[PlyCount "103"]
[EventDate "2018.10.12"]
[EventType "team-tourn"]
[EventCountry "GRE"]
[SourceTitle "playchess.com"]
[Source "ChessBase"]
[SourceQuality "1"]
[WhiteTeam "BSG"]
[BlackTeam "Team Viking"]

1. c4 c6 2. Nf3 d5 3. g3 Nf6 4. Bg2 Bg4 5. Ne5 Be6 6. cxd5 Bxd5 7. Nf3 c5 8. Nc3 Bc6 9. O-O Nbd7 10. Qc2 Rc8 11. Rd1 e6 12. d4 cxd4 13. Nxd4 Bxg2 14. Kxg2 Be7 15. Qa4 Qb6 16. Nf3 Qc6 17. Qxa7 b5 18. Bg5 b4 19. Bxf6 Nxf6 20. Rac1 bxc3 21. Rxc3 Bc5 22. Qa5 O-O 23. Rdc1 Ne4 24. Rc4 Ra8 25. Rxc5 Nxc5 26. Qxc5 Qxc5 27. Rxc5 Rxa2 28. Rb5 Rd8 29. Rb7 f6 30. Ne1 Ra1 31. Nd3 e5 32. g4 Raa8 33. f3 Rac8 34. Kf2 Rc4 35. Ke3 Rdc8 36. b4 R8c7 37. Rxc7 Rxc7 38. Nc5 Kf7 39. Ke4 Rc8 40. Kd5 Rb8 41. Kc4 Ke7 42. b5 g6 43. Na6 Ra8 44. Kd5 Kd7 45. h4 h5 46. gxh5 gxh5 47. Nc5+ Kc7 48. Ne4 Ra2 49. Nxf6 Rxe2 50. Nxh5 Re3 51. Nf6 Rxf3 52. Kxe5 1/2-1/2

[Event "34th European Club Cup 2018"]
[Site "Halkidiki"]
[Date "2018.10.13"]
[Round "2"]
[White "Brunner, Lucas"]
[Black "Sulypa, Oleksandr"]
[Result "1/2-1/2"]
[WhiteElo "2457"]
[BlackElo "2487"]
[Annotator "TA"]
[PlyCount "84"]
[EventDate "2018.10.12"]
[EventType "team-tourn"]
[EventCountry "GRE"]
[SourceTitle "playchess.com"]
[Source "ChessBase"]
[SourceQuality "1"]
[WhiteTeam "Zurich"]
[BlackTeam "Reykjavik"]

1. e4 c5 2. Nf3 Nc6 3. Bb5 e6 4. Bxc6 bxc6 5. b3 Ne7 6. Bb2 d5 7. d3 f6 8. e5 Ng6 9. Nbd2 Be7 10. g3 O-O 11. Qe2 Rf7 12. O-O Bd7 13. h4 f5 14. Kg2 h6 15. h5 Nh8 16. Nh2 f4 17. g4 g6 18. hxg6 Nxg6 19. Nhf3 Rg7 20. Rh1 Nh8 21. Rxh6 Rxg4+ 22. Kh1 Qf8 23. Rh2 Qf5 24. Rg1 Rxg1+ 25. Kxg1 Kf7 26. Kf1 Ng6 27. Ke1 Rh8 28. Rxh8 Nxh8 29. Qf1 Be8 30. Kd1 Kf8 31. d4 Bg6 32. Ne1 cxd4 33. Bxd4 c5 34. Bb2 Nf7 35. Qb5 Ng5 36. Ba3 Qxe5 37. Bxc5 Qa1+ 38. Ke2 Qe5+ 39. Kd1 Bh5+ 40. f3 Qa1+ 41. Ke2 Qe5+ 42. Kd1 Qa1+ 1/2-1/2

[Event "34th European Club Cup 2018"]
[Site "Halkidiki"]
[Date "2018.10.13"]
[Round "2"]
[White "Arnaudov, G. Petar"]
[Black "Mastrovasilis, Dimitrios"]
[Result "1/2-1/2"]
[WhiteElo "2452"]
[BlackElo "2595"]
[Annotator "TA"]
[PlyCount "66"]
[EventDate "2018.10.12"]
[EventType "team-tourn"]
[EventCountry "GRE"]
[SourceTitle "playchess.com"]
[Source "ChessBase"]
[SourceQuality "1"]
[WhiteTeam "Asseco SEE"]
[BlackTeam "Thessalonikis"]

1. c4 e6 2. Nf3 d5 3. g3 Nf6 4. d4 dxc4 5. Bg2 Bd7 6. Ne5 Bc6 7. Nxc6 Nxc6 8. O-O Qd7 9. e3 Rd8 10. Qa4 Nb4 11. Qxd7+ Nxd7 12. Na3 Nb6 13. Bxb7 c5 14. Bd2 cxd4 15. exd4 Be7 16. Rfc1 O-O 17. Bxb4 Bxb4 18. Nxc4 Rxd4 19. Ne5 Rd2 20. Nc6 Rxb2 21. Rab1 Rxb1 22. Rxb1 Bc5 23. Nxa7 Rd8 24. Rc1 Na4 25. Bc6 Bxa7 26. Bxa4 g6 27. Rd1 Rc8 28. h4 Kg7 29. Kg2 Kf6 30. Rd7 Bb6 31. Bb3 Rc3 32. g4 h6 33. g5+ hxg5 1/2-1/2

[Event "34th European Club Cup 2018"]
[Site "Halkidiki"]
[Date "2018.10.13"]
[Round "2"]
[White "Gorodetzky, David"]
[Black "Ding, Liren"]
[Result "0-1"]
[WhiteElo "2452"]
[BlackElo "2804"]
[Annotator "TA"]
[PlyCount "146"]
[EventDate "2018.10.12"]
[EventType "team-tourn"]
[EventCountry "GRE"]
[SourceTitle "playchess.com"]
[Source "ChessBase"]
[SourceQuality "1"]
[WhiteTeam "Rehovot"]
[BlackTeam "Alkaloid"]

1. Nf3 Nf6 2. b3 d5 3. Bb2 Bf5 4. e3 e6 5. d4 Nbd7 6. Bd3 Ne4 7. O-O Bg6 8. Ne5 Nxe5 9. dxe5 Nc5 10. Bxg6 hxg6 11. Nd2 Qh4 12. h3 O-O-O 13. Qg4 Be7 14. Qxh4 Rxh4 15. Ba3 a5 16. Nf3 Rhh8 17. Nd4 c6 18. Rac1 Rd7 19. Bb2 a4 20. Rfd1 Kc7 21. c4 axb3 22. axb3 dxc4 23. Rxc4 Ra8 24. Rcc1 Ra2 25. Bc3 Rd5 26. Ra1 Rxa1 27. Rxa1 Na6 28. Rc1 Kb6 29. Kf1 c5 30. Nf3 Kc6 31. Ke2 b5 32. Nd2 Kb6 33. Ra1 Nb8 34. f4 Nc6 35. g4 Rd8 36. Rh1 Ra8 37. Ra1 Rh8 38. Rh1 b4 39. Nc4+ Kb5 40. Bb2 Na5 41. Nxa5 Kxa5 42. Ra1+ Kb6 43. Kd3 Rd8+ 44. Ke2 Rh8 45. Kd3 Bd8 46. Rh1 Kb5 47. h4 Bb6 48. h5 Rd8+ 49. Ke4 gxh5 50. gxh5 Rd2 51. Ba1 c4 52. bxc4+ Kxc4 53. Rc1+ Kb5 54. Rg1 Re2 55. Bd4 Bxd4 56. Kxd4 Rd2+ 57. Ke4 b3 58. f5 exf5+ 59. Kxf5 Rf2+ 60. Kg5 b2 61. e6 fxe6 62. Kg6 Rc2 63. Rb1 Rg2+ 64. Kf7 e5 65. Ke6 e4 66. Kd5 Kb4 67. Kxe4 Kc3 68. Kf5 Kc2 69. Rh1 b1=Q 70. Rxb1 Kxb1 71. e4 Kc2 72. e5 Kd3 73. e6 Kd4 0-1

[Event "34th European Club Cup 2018"]
[Site "Halkidiki"]
[Date "2018.10.13"]
[Round "2"]
[White "Varga, Zoltan"]
[Black "Braun, Christian"]
[Result "1-0"]
[WhiteElo "2448"]
[BlackElo "2396"]
[Annotator "TA"]
[PlyCount "117"]
[EventDate "2018.10.12"]
[EventType "team-tourn"]
[EventCountry "GRE"]
[SourceTitle "playchess.com"]
[Source "ChessBase"]
[SourceQuality "1"]
[WhiteTeam "Dunajska Streda"]
[BlackTeam "Aachen"]

1. c4 Nf6 2. Nc3 g6 3. e4 c5 4. Nf3 d6 5. d4 cxd4 6. Nxd4 Bg7 7. h3 Nc6 8. Be3 O-O 9. Be2 Bd7 10. O-O Nxd4 11. Bxd4 Bc6 12. Qc2 a6 13. Rad1 Qa5 14. a3 Rfc8 15. b4 Qd8 16. e5 dxe5 17. Bxe5 Qe8 18. Qb2 b6 19. Rfe1 Rd8 20. Bf1 Rxd1 21. Nxd1 Qd7 22. Ne3 Rd8 23. b5 axb5 24. cxb5 Ba8 25. Rd1 Qe8 26. Rd4 Qf8 27. Nc4 Rxd4 28. Qxd4 Nd5 29. Bxg7 Qxg7 30. Qxg7+ Kxg7 31. a4 e5 32. g3 f5 33. Bg2 e4 34. f3 exf3 35. Bxf3 Nc7 36. Bd1 Nd5 37. Kf2 Nc3 38. Bc2 Nd5 39. Bd1 Nc3 40. Ke1 Nd5 41. Kd2 Kf6 42. Kd3 g5 43. Kd4 Ke6 44. Bb3 Ke7 45. Bc2 Kf6 46. g4 fxg4 47. hxg4 h5 48. gxh5 g4 49. Be4 g3 50. Nd2 Kg5 51. Nf1 Nf6 52. Nxg3 Nxe4 53. Nxe4+ Kxh5 54. Nf6+ Kg6 55. Nd7 Kf7 56. Nxb6 Bh1 57. Kc5 Ke7 58. a5 Kd8 59. Kd6 1-0

[Event "34th European Club Cup 2018"]
[Site "Halkidiki"]
[Date "2018.10.13"]
[Round "2"]
[White "Hoffmann, Michael"]
[Black "Salomon, Johan"]
[Result "0-1"]
[WhiteElo "2441"]
[BlackElo "2477"]
[Annotator "TA"]
[PlyCount "90"]
[EventDate "2018.10.12"]
[EventType "team-tourn"]
[EventCountry "GRE"]
[SourceTitle "playchess.com"]
[Source "ChessBase"]
[SourceQuality "1"]
[WhiteTeam "Eynatten"]
[BlackTeam "Nordstrand"]

1. c4 c5 2. Nf3 Nc6 3. d4 cxd4 4. Nxd4 Nf6 5. Nc3 e6 6. Bg5 Be7 7. e3 O-O 8. Be2 a6 9. O-O d6 10. Nf3 b6 11. Qc2 Bb7 12. Rfd1 Nb8 13. Nd2 Nbd7 14. Nde4 Qc7 15. Bf3 Rfd8 16. Rd4 h6 17. Bh4 b5 18. Nxf6+ Nxf6 19. Bxb7 Qxb7 20. cxb5 axb5 21. Rb4 Qc6 22. Rxb5 d5 23. a4 g5 24. Bg3 Ne4 25. Rc1 Rdc8 26. Qd1 Bf6 27. Ne2 Qa6 28. b3 Kg7 29. f3 Rxc1 30. Qxc1 Rc8 31. Qd1 Nc3 32. Nxc3 Rxc3 33. h3 Qc6 34. Kh2 Rxe3 35. Rb8 d4 36. Rb5 e5 37. b4 e4 38. Rc5 Qe6 39. fxe4 Qxe4 40. Qg4 d3 41. Qxe4 Rxe4 42. Rd5 Rd4 43. Rxd4 Bxd4 44. Be1 Be3 45. Bc3+ Kg6 0-1

[Event "34th European Club Cup 2018"]
[Site "Halkidiki"]
[Date "2018.10.13"]
[Round "2"]
[White "Djurhuus, Rune"]
[Black "Koch, Thomas"]
[Result "0-1"]
[WhiteElo "2439"]
[BlackElo "2467"]
[Annotator "TA"]
[PlyCount "130"]
[EventDate "2018.10.12"]
[EventType "team-tourn"]
[EventCountry "GRE"]
[SourceTitle "playchess.com"]
[Source "ChessBase"]
[SourceQuality "1"]
[WhiteTeam "Nordstrand"]
[BlackTeam "Eynatten"]

1. e4 c5 2. Nf3 d6 3. d4 cxd4 4. Nxd4 Nf6 5. Nc3 a6 6. Be2 e6 7. a4 Nc6 8. Be3 Be7 9. O-O O-O 10. f4 Re8 11. Kh1 Qc7 12. Bf3 Na5 13. Qe2 e5 14. fxe5 dxe5 15. Nf5 Bb4 16. Na2 Bxf5 17. exf5 Bd6 18. g3 Rac8 19. Rad1 e4 20. Bg2 Be5 21. c3 Qc4 22. Qxc4 Nxc4 23. Bc1 a5 24. b3 Nb6 25. c4 Rcd8 26. Bg5 Rxd1 27. Rxd1 Nbd7 28. Bxf6 Nxf6 29. Nc1 g6 30. fxg6 hxg6 31. Ne2 b6 32. h3 Kg7 33. g4 Kh6 34. Kg1 Kg5 35. Kf2 Re6 36. Ke3 Bd6 37. Kf2 Kh4 38. Nc3 Bb4 39. Nd5 Bc5+ 40. Ke2 Nh7 41. Rf1 Ng5 42. Rf6 Kg3 43. Bf1 Rxf6 44. Nxf6 Bg1 45. Kd2 Kf4 46. Bg2 Ke5 47. Nd5 f5 48. gxf5 gxf5 49. h4 Nh7 50. b4 axb4 51. Nxb4 Nf6 52. a5 bxa5 53. Nc6+ Kf4 54. Nxa5 Kg3 55. Bf1 f4 56. Nb3 Kxh4 57. c5 Kg3 58. c6 Bb6 59. Ke1 f3 60. Nd4 Ba5+ 61. Kd1 Kf2 62. Bc4 Ng4 63. Ba6 Bb6 64. Ne6 Ne3+ 65. Kc1 Nd5 0-1

[Event "34th European Club Cup 2018"]
[Site "Halkidiki"]
[Date "2018.10.13"]
[Round "2"]
[White "Gaehwiler, Gabriel"]
[Black "Postny, Evgeny"]
[Result "0-1"]
[WhiteElo "2439"]
[BlackElo "2612"]
[Annotator "TA"]
[PlyCount "90"]
[EventDate "2018.10.12"]
[EventType "team-tourn"]
[EventCountry "GRE"]
[SourceTitle "playchess.com"]
[Source "ChessBase"]
[SourceQuality "1"]
[WhiteTeam "Winterthur"]
[BlackTeam "Beer Sheva"]

1. d4 d5 2. c4 c6 3. Nf3 Nf6 4. e3 Bf5 5. Nc3 e6 6. Bd3 Bg6 7. Qe2 Bb4 8. Bd2 Nbd7 9. O-O Bxc3 10. Bxc3 O-O 11. Nd2 Re8 12. Bxg6 hxg6 13. e4 e5 14. dxe5 Nxe5 15. cxd5 cxd5 16. exd5 Qxd5 17. Rad1 Nd3 18. Qf3 Rad8 19. Qxd5 Nxd5 20. Nf3 Nxc3 21. bxc3 Nc5 22. Rd4 Rxd4 23. cxd4 Nd3 24. Rb1 b6 25. Kf1 Rc8 26. Rd1 Nb4 27. d5 Rd8 28. d6 f6 29. Re1 Nc6 30. Nd2 Rxd6 31. Nc4 Rd4 32. Rc1 Nb4 33. a3 Na6 34. a4 Rd5 35. a5 b5 36. Ne3 Rc5 37. Rd1 b4 38. Rd8+ Kh7 39. Rd7 Rxa5 40. Rxa7 b3 41. Nc4 Ra2 42. Rb7 Nc5 43. Rb5 Nd3 44. Rxb3 Ra1+ 45. Ke2 Nc1+ 0-1

[Event "34th European Club Cup 2018"]
[Site "Halkidiki"]
[Date "2018.10.13"]
[Round "2"]
[White "Van Haastert, Edwin"]
[Black "Safarli, Eltaj"]
[Result "1-0"]
[WhiteElo "2437"]
[BlackElo "2676"]
[Annotator "TA"]
[PlyCount "84"]
[EventDate "2018.10.12"]
[EventType "team-tourn"]
[EventCountry "GRE"]
[SourceTitle "playchess.com"]
[Source "ChessBase"]
[SourceQuality "1"]
[WhiteTeam "Leiden"]
[BlackTeam "Odlar Yurdu"]

1. e4 c5 2. Nf3 Nc6 3. d4 cxd4 4. Nxd4 Qb6 5. Nb3 Nf6 6. Nc3 e6 7. Qe2 Bb4 8. Bd2 O-O 9. a3 Bxc3 10. Bxc3 e5 11. O-O-O Re8 12. f3 Rd8 13. Qb5 Qc7 14. Na5 a6 15. Qc4 d6 16. Bb4 Rd7 17. Kb1 Rb8 18. Be2 Qb6 19. Nxc6 bxc6 20. Qc3 c5 21. Ba5 Qc6 22. Bc4 Rdb7 23. b3 Be6 24. Ka2 Rd7 25. Rhe1 h6 26. Rd2 Nh7 27. Bd5 Bxd5 28. Rxd5 f5 29. Qc4 Kh8 30. exf5 Nf6 31. Rdd1 d5 32. Qa4 Rb5 33. Rxe5 c4 34. b4 d4 35. Kb2 c3+ 36. Kb1 Qc4 37. f4 Ng4 38. Re8+ Kh7 39. Rd8 Rxd8 40. Bxd8 Nf2 41. Re1 d3 42. cxd3 Nxd3 1-0